| 000 | 00547nam a22001817a 4500 | ||
|---|---|---|---|
| 003 | CEME | ||
| 005 | 20210628204142.0 | ||
| 008 | 210112b xxu||||| |||| 00| 0 eng d | ||
| 020 | _a9788120311340 | ||
| 040 | _cceme | ||
| 082 | _a006.3 ADV | ||
| 100 |
_aFayyad, Usama.M , Shapiro, Gregory Piatetsky , Smyth, Padhraic _968984 |
||
| 245 | _aAdvances in knowledge discovery and data mining | ||
| 260 |
_aNEW DELHI _bPHI LEARNING _c1996 |
||
| 300 | _aXIV, 605P | ||
| 650 |
_aDATA MINING.ADVANCES IN KNOWLEDGE DISCOVERY. _968985 |
||
| 942 |
_cBK _2ddc |
||
| 999 |
_c576419 _d576419 |
||